000 00476nam a2200157 i 4500
001 101472
003 ES-MaACL
005 20230906182922.0
007 t|
008 051019s1967 sp ||||1| spa d
100 1 _aMedina Bocos, María de la Concepción.
_979725
245 1 0 _aRutas marcadas
_b: novela /
_cMaría de la Concepción Medina Bocos.
260 _aMadrid :
_b[s.n.],
_c1967 (
_fImp. Sèz)
300 _a284 p. ;
_c19 cm.
852 _aES-MaACL
_jC-34146
_bR.64889
999 _c101472
_d101472